Every Captain of the Montreal Canadiens - Statistics

General Stats
  • This quiz has been taken 50 times
  • The average score is 12 of 31
Answer Stats
Captain % Correct
Nick Suzuki
98%
Maurice Richard
93%
Henri Richard
88%
Jean Beliveau
83%
Shea Weber
83%
Max Pacioretty
81%
Saku Koivu
79%
Brian Gionta
64%
Guy Carbonneau
64%
Serge Savard
57%
Bob Gainey
50%
Chris Chelios
48%
Vincent Damphousse
40%
Yvan Cournoyer
40%
Kirk Muller
33%
Toe Blake
33%
Doug Harvey
29%
Newsy Lalonde
29%
Emile Bouchard
21%
Pierre Turgeon
19%
George Hainsworth
14%
Jack Laviolette
14%
Mike Keane
14%
Bill Durnan
10%
Sylvio Mantha
5%
Babe Seibert
0%
Billy Coutu
0%
Howard McNamara
0%
Jimmy Gardner
0%
Sprague Cleghorn
0%
Walt Buswell
0%
No matching quizzes found
Score Distribution
Percent of People with Each Score
Percentile by Number Answered
Your Score History
You have not taken this quiz